Air conditioning system design for buildings, based on a conference organised in March 1982 (Record no. 87198)

MARC details
000 -LEADER
fixed length control field 00562cam a2200193 4500
001 - CONTROL NUMBER
control field D8695
008 - FIXED-LENGTH DATA ELEMENTS--GENERAL INFORMATION
fixed length control field 090401t1983 xxu||||| |||| 00| 0 eng d
035 ## - SYSTEM CONTROL NUMBER
System control number (Sirsi) u14644
041 ## - LANGUAGE CODE
Language code of text/sound track or separate title eng
050 ## - LIBRARY OF CONGRESS CALL NUMBER
Classification number 697.93
100 ## - MAIN ENTRY--PERSONAL NAME
Personal name Sherratt, A.F.C.
245 ## - TITLE STATEMENT
Title Air conditioning system design for buildings, based on a conference organised in March 1982
260 ## - PUBLICATION, DISTRIBUTION, ETC.
Place of publication, distribution, etc. London
Name of publisher, distributor, etc. McGraw-Hill Book Company
Date of publication, distribution, etc. 1983
300 ## - PHYSICAL DESCRIPTION
Extent ix. 235p. 30cm
350 ## - PRICE (NR) (BK AM CF MU VM SE) [OBSOLETE]
Price 0
710 ## - ADDED ENTRY--CORPORATE NAME
Corporate name or jurisdiction name as entry element Construction Industry Conference Centre Ltd et al
9 (RLIN) 2824
942 ## - ADDED ENTRY ELEMENTS (KOHA)
Suppress in OPAC 0
948 ## - LOCAL PROCESSING INFORMATION (OCLC); SERIES PART DESIGNATOR (RLIN)
c (OCLC) 04/03/1997
Holdings
Withdrawn status Lost status Source of classification or shelving scheme Damaged status Not for loan Home library Current library Shelving location Date acquired Total Checkouts Full call number Barcode Date last seen Date last checked out Copy number Price effective from Koha item type
    Dewey Decimal Classification     London London Folio 14/09/1999 1 F697.93 30029714 06/08/2019 09/09/2002 1 06/08/2019 Book